Online Catalogue and eLibrary

Critical pedagogy and predatory culture : (Record no. 2945)

MARC details
000 -LEADER
fixed length control field 00452nam a2200169Ia 4500
005 - DATE AND TIME OF LATEST TRANSACTION
control field 20240605023649.0
008 - FIXED-LENGTH DATA ELEMENTS--GENERAL INFORMATION
fixed length control field 240331s9999 xx 000 0 und d
020 ## - INTERNATIONAL STANDARD BOOK NUMBER
ISBN 0415117569
082 ## - DDC Classification
Item Number - Author Mark MCL
Class No. 370
100 ## - MAIN ENTRY--PERSONAL NAME
Personal name McLaren, P
245 #0 - TITLE STATEMENT
Title Critical pedagogy and predatory culture :
Remainder of title oppositional politics in a post modern era
260 ## - PUBLICATION, DISTRIBUTION, ETC.
Place of publication, distribution, etc. London
Name of publisher, distributor, etc. Routledge
Date of publication, distribution, etc. 1995
300 ## - PHYSICAL DESCRIPTION
Extent (e.g. Volumes, Pages etc.) xiii,294
650 ## - SUBJECT ADDED ENTRY--TOPICAL TERM
Topical term or geographic name entry element Education
650 ## - SUBJECT ADDED ENTRY--TOPICAL TERM
Topical term or geographic name entry element Sociology
942 ## - Koha item type (Biblio)
Koha item type Books in Stacks (Lending)
Holdings
Lost status Damaged status Collection code Home library Current library Shelving location Date acquired Full call number Accession Number Item type
    Lending WERC Library WERC Library Social Science Cupboard 03/31/2024 370 MCL 3972 Books in Stacks (Lending)

© WERC Library